| 000 | 01020nam a2200229Ia 4500 | ||
|---|---|---|---|
| 003 | Ost | ||
| 005 | 20260507075744.0 | ||
| 008 | 260507s9999||||xx |||||||||||||| ||und|| | ||
| 020 | _a9054409961 | ||
| 040 | _cfsecg | ||
| 041 | _aara | ||
| 082 | _a330 | ||
| 100 |
_aقاسم، قادة _eمؤلف |
||
| 245 | 0 |
_aالمحاسبة الوطنية : _bنظام الحسابات الإقتصادية الجزائرية ن.ح.إ.ج مدعم بعدد من الأمثلة والتمارين المحلولة / _c قادة قاسم |
|
| 260 |
_aالجزائر: _bديوان المطبوعات الجامعية, _c2002 |
||
| 300 |
_a330 صفحة؛ _bإيضاحات ؛ _c24 سم |
||
| 520 | _aالمحاسبة الوطنية- العرض العام لنظام الحسابات الإقتصادية الجزائرية -نظام المحاسبة الوطنية. | ||
| 653 | _aالمحاسبة | ||
| 653 | _aالمحاسبة العامة | ||
| 700 |
_aقدي، عبد المجيد _eمؤلف ثانوي _912 |
||
| 942 | _cكتاب | ||
| 999 |
_c46180 _d46180 |
||